Loading...
| History - World | 2 | 4 | 1 | 1 | 65 | 76 | 104.33 | 2 | 4 | 0.00 | 0.00 |
| History - American | 2 | 4 | 2 | 1 | 60 | 55 | 86.50 | 1 | 4 | 0.00 | 0.00 |
| History - Other | 1 | 3 | 0 | 1 | 45 | 74 | 104.00 | 0 | 3 | 0.00 | 0.00 |
| Geography | 1 | 2 | 0 | 2 | 35 | 70 | 118.00 | 1 | 3 | 0.00 | 0.00 |
| History - European | 1 | 2 | 1 | 1 | 30 | 29 | 85.00 | 1 | 2 | 0.00 | 0.00 |
| Literature - World | 1 | 1 | 0 | 1 | 25 | 86 | 120.00 | 1 | 1 | 0.00 | 0.00 |
| Beliefs | 0 | 2 | 0 | 1 | 20 | 88 | 112.50 | 0 | 1 | 0.00 | 0.00 |
| Fine Arts - Other Arts | 0 | 2 | 0 | 1 | 20 | 121 | 129.00 | 0 | 0 | 0.00 | 0.00 |
| Modern World | 1 | 1 | 1 | 0 | 20 | 59 | 76.00 | 2 | 2 | 0.00 | 0.00 |
| Literature - European | 1 | 0 | 0 | 0 | 15 | 67 | 67.00 | 0 | 1 | 0.00 | 0.00 |
| History - Ancient | 1 | 0 | 0 | 0 | 15 | 65 | 65.00 | 0 | 1 | 0.00 | 0.00 |
| Literature - British | 0 | 1 | 0 | 0 | 10 | 103 | 103.00 | 0 | 1 | 0.00 | 0.00 |
| Fine Arts - Classical Music and Opera | 0 | 1 | 0 | 1 | 10 | 122 | 122.00 | 0 | 0 | 0.00 | 0.00 |
| Social Science | 0 | 1 | 0 | 0 | 10 | 103 | 103.00 | 0 | 0 | 0.00 | 0.00 |
| Other Academic | 0 | 1 | 0 | 0 | 10 | 76 | 76.00 | 0 | 1 | 0.00 | 0.00 |